[Event "Reykjavik op"]
[Site "Reykjavik"]
[Date "2024.03.16"]
[Round "3"]
[White "Y Castro, Vitor Fernandez"]
[Black "Dhruv, Rattan"]
[Result "0-1"]
[WhiteElo "1630"]
[BlackElo "1831"]
[PlyCount "96"]
[EventDate "2024.03.15"]
[EventType "swiss"]
[EventRounds "9"]
[EventCountry "ISL"]
[SourceTitle "CBM 219 Extra"]
[Source "ChessBase"]
[SourceDate "2024.05.31"]
[SourceVersion "1"]
[SourceVersionDate "2024.05.31"]
[SourceQuality "1"]

1. e4 e5 2. Nf3 Nc6 3. Bc4 Nf6 4. d3 Bc5 5. c3 0-0 6. 0-0 a5 7. a4 h6 8. Re1 d6 9. h3 Be6 10. Nbd2 Ba7 11. Bb3 Ne7 12. d4 exd4 13. cxd4 Ng6 14. Nf1 Qe8 15. Bxe6 fxe6 16. Ng3 Qd7 17. Qc2 Qf7 18. Ra3 Rae8 19. Be3 Bb6 20. Rc3 Nd7 21. d5 Nc5 22. Bxc5 Bxc5 23. dxe6 Rxe6 24. Nf5 Qe8 25. Rb3 b6 26. Qc4 Kh8 27. Qc3 Ne5 28. Nxe5 Rxe5 29. Rf1 d5 30. Qg3 Rf7 31. Nh4 Rxe4 32. Ng6+ Kg8 33. Rf3 Rxf3 34. gxf3 Bd6 35. f4 Kh7 36. Ne5 Bxe5 37. fxe5 Rxe5 38. Kh1 Rg5 39. Qd3+ Kh8 40. Rc1 Qe6 41. Qf1 Qe4+ 42. f3 Qf4 43. b3 Rg3 44. Rc3 d4 45. Rd3 c5 46. Rd1 Rxf3 47. Qg2 Rf2 48. Qa8+ Kh7 0-1

[Event "Sitges Sunway op 10th"]
[Site "Sitges"]
[Date "2023.12.18"]
[Round "6"]
[White "Dhruv, Rattan"]
[Black "Omonov, Asrorjon"]
[Result "0-1"]
[WhiteElo "1677"]
[BlackElo "2224"]
[PlyCount "43"]
[EventDate "2023.12.12"]
[EventType "swiss"]
[EventRounds "10"]
[EventCountry "ESP"]
[SourceTitle "EXT 2025"]
[Source "ChessBase"]
[SourceDate "2024.10.14"]
[SourceVersion "1"]
[SourceVersionDate "2024.10.14"]
[SourceQuality "1"]

1. e4 c6 2. d4 d5 3. f3 e6 4. Nc3 Bb4 5. e5 a5 6. f4 b5 7. Qg4 Bf8 8. Nf3 Nd7 9. Bd3 Nb6 10. f5 exf5 11. Bxf5 Ne7 12. Bxc8 Qxc8 13. Qg3 Ng6 14. 0-0 Be7 15. h4 h5 16. e6 Qxe6 17. Ng5 Qg4 18. Qc7 Qxd4+ 19. Rf2 0-0 20. Nf3 Qc5 21. Qg3 Qd6 22. Qh3 0-1

[Event "Sitges Sunway op 10th"]
[Site "Sitges"]
[Date "2023.12.16"]
[Round "5"]
[White "Toncheva, Nadya"]
[Black "Dhruv, Rattan"]
[Result "1/2-1/2"]
[WhiteElo "2285"]
[BlackElo "1677"]
[PlyCount "129"]
[EventDate "2023.12.12"]
[EventType "swiss"]
[EventRounds "10"]
[EventCountry "ESP"]
[SourceTitle "EXT 2025"]
[Source "ChessBase"]
[SourceDate "2024.10.14"]
[SourceVersion "1"]
[SourceVersionDate "2024.10.14"]
[SourceQuality "1"]

1. d4 Nf6 2. c4 g6 3. Nc3 Bg7 4. e4 d6 5. Be2 0-0 6. Bg5 c5 7. d5 h6 8. Be3 e6 9. Qd2 exd5 10. exd5 Kh7 11. h4 Re8 12. Kf1 h5 13. Nf3 Bf5 14. Bf4 a6 15. a4 Qb6 16. a5 Qc7 17. g3 Nbd7 18. Kg2 Kg8 19. Rhe1 Ne4 20. Nxe4 Bxe4 21. Kf1 Bxf3 22. Bxf3 Ne5 23. Be2 Bf6 24. Kg2 Re7 25. Ra3 Rae8 26. Re3 Nd7 27. Bd1 Rxe3 28. Bxe3 Bg7 29. b3 Bf6 30. Bc2 Re7 31. Rb1 Ne5 32. Bd1 Kg7 33. Be2 Nd7 34. b4 cxb4 35. Qxb4 Nc5 36. Qa3 Kh7 37. Bf1 Kg7 38. Rb6 Ne4 39. Bf4 Rd7 40. Kf3 Nc5 41. Bh3 Rd8 42. Kg2 Bd4 43. Be3 Bxe3 44. Qxe3 Kh7 45. g4 Na4 46. Rb4 hxg4 47. Bxg4 Nc5 48. h5 Rf8 49. hxg6+ fxg6 50. Rb1 Qf7 51. Rh1+ Kg8 52. f3 Qf4 53. Qc3 Qf6 54. Qd2 Qf4 55. Qe2 Kg7 56. Re1 Qg5 57. Qb2+ Qf6 58. Qd2 Rf7 59. Re3 Qf4 60. Qe2 Qg5 61. Re8 Nd7 62. Qb2+ Ne5 63. Kh3 Qh6+ 64. Kg3 Qg5 65. Kh3 1/2-1/2